[Event "SWE-ch"]
[Site "Karlskrona"]
[Date "1983.??.??"]
[Round "?"]
[White "Marklund, Goran"]
[Black "Renman, Nils Gustaf"]
[Result "1/2-1/2"]
[WhiteElo "2200"]
[BlackElo "2405"]
[PlyCount "117"]
[EventDate "1983.07.??"]
[Source "ChessBase"]

1. e4 e6 2. d4 d5 3. Nd2 Nf6 4. e5 Nfd7 5. Bd3 c5 6. c3 Nc6 7. Ne2 cxd4 8. cxd4 Nb6 9. O-O Bd7 10. a3 a5 11. b3 Be7 12. Bb2 O-O 13. Rc1 f5 14. exf6 Bxf6 15. Nf3 Be8 16. Nf4 Qd6 17. Qd2 Bd8 18. Ne2 Nd7 19. Ng3 h6 20. Bb1 Rxf3 21. gxf3 Bg5 22. Qd3 Nf8 23. Rce1 Bg6 24. Qc3 Bxb1 25. Rxb1 Ng6 26. Bc1 Bxc1 27. Rfxc1 Nh4 28. Ne2 e5 29. Kh1 Rf8 30. dxe5 Nxe5 31. f4 Nef3 32. Rg1 Nxg1 33. Rxg1 d4 34. Nxd4 Qd5+ 35. f3 Rxf4 36. Rxg7+ Kf8 37. Qc7 Rf7 38. Rxf7+ Qxf7 39. Qxf7+ Kxf7 40. Kg1 Kf6 41. Kf2 Ke5 42. Kg3 Ng6 43. Nb5 Nf4 44. Kg4 Nd3 45. h4 Nc5 46. Kh5 Nxb3 47. Kxh6 Kf6 48. Kh7 Nd2 49. h5 Nxf3 50. Nd6 b6 51. Nc4 Ng5+ 52. Kg8 Ne4 53. h6 Kg6 54. h7 Nf6+ 55. Kf8 Nxh7+ 56. Ke7 Ng5 57. Kd6 Ne4+ 58. Kc6 Nc3 59. Kxb6 1/2-1/2

[Event "BL2-West 0102"]
[Site "Germany"]
[Date "2002.04.14"]
[Round "8.5"]
[White "Drollinger, Dennis"]
[Black "Freckmann, Mark"]
[Result "1-0"]
[WhiteElo "2290"]
[BlackElo "2313"]
[PlyCount "103"]
[EventDate "2001.10.07"]
[Source "ChessBase"]
[SourceDate "2002.07.08"]

1. e4 e6 2. d4 d5 3. Nd2 Nf6 4. e5 Nfd7 5. Bd3 c5 6. c3 Nc6 7. Ne2 cxd4 8. cxd4 Nb6 9. O-O Bd7 10. Nf3 h6 11. Nf4 a5 12. b3 Nb4 13. Be2 a4 14. Bd2 Bc6 15. Nh5 Na6 16. Bd3 Nc7 17. Re1 Qd7 18. Rc1 Nb5 19. Rb1 a3 20. Rc1 Na7 21. Ba5 Nac8 22. Qd2 Rg8 23. Rc2 Bb5 24. Bxb6 Nxb6 25. Rec1 Bc6 26. b4 Nc4 27. Bxc4 dxc4 28. Rxc4 Be7 29. Qc3 Qd5 30. Nf4 Qb5 31. Nd3 g6 32. Nc5 Kf8 33. Qe3 Kg7 34. Ne4 Rge8 35. Nf6 Red8 36. Ng4 Rh8 37. h4 Qd5 38. b5 Qxb5 39. Qf4 Raf8 40. h5 g5 41. Qe3 Qd5 42. Nf6 Bxf6 43. exf6+ Kxf6 44. Qc3 Ke7 45. Qxa3+ Qd6 46. Qc3 Ra8 47. Ne5 Rhc8 48. Qc2 Qd5 49. f3 f5 50. Qb2 Rd8 51. Rxc6 bxc6 52. Qb7+ 1-0

[Event "SWE-ch"]
[Site "Degerfors"]
[Date "1978.??.??"]
[Round "?"]
[White "Svensson, Bengt"]
[Black "Renman, Nils Gustaf"]
[Result "1-0"]
[WhiteElo "2200"]
[BlackElo "2400"]
[PlyCount "80"]
[EventDate "1978.07.??"]
[Source "ChessBase"]

1. e4 e6 2. d4 d5 3. Nd2 Nf6 4. e5 Nfd7 5. Bd3 c5 6. c3 Nc6 7. Ne2 cxd4 8. cxd4 Nb6 9. O-O Bd7 10. Nf3 Be7 11. a3 a5 12. Ng3 h5 13. Be3 a4 14. Rc1 Na5 15. Nd2 g6 16. Ne2 Kf8 17. Nc3 Kg7 18. Qe2 Rc8 19. f4 Nbc4 20. Nxc4 Nxc4 21. Bxc4 Rxc4 22. h3 Qb6 23. g4 hxg4 24. hxg4 Rxc3 25. bxc3 Bb5 26. Qb2 Qa6 27. Rf2 Rh3 28. Qd2 Bd3 29. Rh2 Rg3+ 30. Kf2 Rxg4 31. Rch1 g5 32. Kf3 Rh4 33. fxg5 Be4+ 34. Kg3 Bxh1 35. Kxh4 Be4 36. Qe2 Qa5 37. Qh5 Bxa3 38. Qh6+ Kg8 39. Kg4 Bh7 40. Qxh7+ Kf8 1-0

[Event "Novosibirsk-ch"]
[Site "?"]
[Date "2000.??.??"]
[Round "?"]
[White "Tsygankov Alexey"]
[Black "Chigvintsev Andrei"]
[Result "0-1"]
[WhiteElo "2173"]
[BlackElo "2420"]
[PlyCount "84"]
[EventDate "2000.??.??"]
[Source "www.chesslib.no"]
[SourceDate "2004.05.04"]

1. e4 e6 2. d4 d5 3. Nd2 Nf6 4. e5 Nfd7 5. Bd3 c5 6. c3 Nc6 7. Ne2 cxd4 8. cxd4 Nb6 9. O-O Bd7 10. a3 a5 11. b3 Be7 12. Bb2 a4 13. b4 Na7 14. Re1 Rc8 15. Rc1 Rxc1 16. Qxc1 Bb5 17. Qb1 g6 18. Nc3 Bxd3 19. Qxd3 Qd7 20. Rc1 O-O 21. Nd1 Rc8 22. Rxc8+ Qxc8 23. Ne3 Qc6 24. Kf1 Bg5 25. Nf3 Nc4 26. Nxg5 Nxb2 27. Qd2 Nc4 28. Nxc4 Qxc4+ 29. Kg1 Nb5 30. Qf4 Qc7 31. h3 Nxd4 32. Qxd4 Qc1+ 33. Kh2 Qxg5 34. b5 Qf5 35. Qxa4 Qxe5+ 36. Kg1 d4 37. Qc4 Qe1+ 38. Kh2 Qxf2 39. a4 Qe3 40. Qc8+ Kg7 41. Qxb7 d3 42. Qd7 d2 0-1

[Event "Oberliga Nord O 0102"]
[Site "?"]
[Date "2002.02.03"]
[Round "5.2"]
[White "Liwak Przemyslaw"]
[Black "Boetzer Detlef"]
[Result "1-0"]
[WhiteElo "2295"]
[BlackElo "2295"]
[PlyCount "105"]
[EventDate "2002.??.??"]
[Source "www.chesslib.no"]
[SourceDate "2004.05.04"]

1. e4 e6 2. d4 d5 3. Nd2 Nf6 4. e5 Nfd7 5. Bd3 c5 6. c3 Nc6 7. Ne2 cxd4 8. cxd4 Nb6 9. O-O Bd7 10. f4 g6 11. Nf3 h5 12. b3 Be7 13. Be3 Nb4 14. Bb1 a5 15. a3 Nc6 16. a4 Rc8 17. Ne1 Nb4 18. Nd3 Nxd3 19. Bxd3 Kf8 20. g3 Kg7 21. h3 Na8 22. Kg2 b5 23. axb5 Qb6 24. Bd2 Bb4 25. Bxb4 axb4 26. Ra4 Nc7 27. Rxb4 Na6 28. Ra4 Bxb5 29. Bxb5 Qxb5 30. Rf3 Rc6 31. Rc3 Rhc8 32. Rxc6 Rxc6 33. Ra1 Rb6 34. Rb1 Nb8 35. Kf2 Nc6 36. Qd2 Ra6 37. Nc1 Qb6 38. Ne2 Ne7 39. Qc3 Ra2 40. Rb2 Ra8 41. b4 Rc8 42. Qd3 Rc4 43. b5 Nc6 44. Qa3 Nb8 45. Ke3 h4 46. g4 Rc7 47. Qb4 Nd7 48. Kd3 Rc4 49. Qa3 g5 50. fxg5 Nxe5+ 51. dxe5 Qf2 52. Qe7 Qf3+ 53. Kd2 1-0

[Event "Kringsja"]
[Site "Oslo"]
[Date "1978.??.??"]
[Round "9"]
[White "Michelsen, Svein"]
[Black "Whiteley, Andrew J"]
[Result "0-1"]
[WhiteElo "2200"]
[BlackElo "2385"]
[PlyCount "59"]
[EventDate "1978.01.??"]
[Source "ChessBase"]

1. e4 e6 2. d4 d5 3. Nd2 Nf6 4. e5 Nfd7 5. Bd3 c5 6. c3 Nc6 7. Ne2 cxd4 8. cxd4 Nb6 9. O-O Bd7 10. a3 a5 11. Nf3 a4 12. Nf4 Na5 13. Nh5 Nbc4 14. Rb1 h6 15. Be3 Qb6 16. Nd2 Nxd2 17. Qxd2 O-O-O 18. Rbc1+ Kb8 19. Rc2 Bb5 20. Nf4 Be7 21. Qe2 Bc4 22. Bxc4 Nxc4 23. Rfc1 Rc8 24. Nd3 Qb5 25. Bd2 Rc7 26. Bc3 Rhc8 27. Qd1 Qb3 28. h3 Nxa3 29. bxa3 Rxc3 30. Nc5 0-1

[Event "Nis Open"]
[Site "Nis YUG"]
[Date "1993.??.??"]
[Round "?"]
[White "Brajovic, Radovan"]
[Black "Veljkovic, Milic"]
[Result "1-0"]
[WhiteElo "2300"]
[BlackElo "2280"]
[PlyCount "79"]
[EventDate "1993.12.??"]
[Source "www.chesslib.no"]
[SourceDate "2004.05.04"]

1. e4 e6 2. d4 d5 3. Nd2 Nf6 4. e5 Nfd7 5. Bd3 c5 6. c3 Nc6 7. Ne2 cxd4 8. cxd4 Nb6 9. O-O Bd7 10. f4 f5 11. exf6 Qxf6 12. Nf3 Bd6 13. a3 Na5 14. b3 Nc8 15. Bd2 Nc6 16. Ne5 N8e7 17. Bc3 Rd8 18. b4 Bc7 19. b5 Nb8 20. Qa4 Bb6 21. Ba5 Bxa5 22. Qxa5 a6 23. bxa6 bxa6 24. Rab1 Nbc6 25. Qc7 Nxe5 26. dxe5 Qf7 27. Nd4 O-O 28. Rb6 Ng6 29. f5 exf5 30. e6 Qf6 31. Nxf5 Ne7 32. exd7 Qg5 33. h4 Qd2 34. Nxe7+ Kh8 35. Rxf8+ Rxf8 36. Qg3 Qa5 37. Rb8 Qc5+ 38. Kh2 Qxe7 39. Rxf8+ Qxf8 40. Qc7 1-0

[Event "Lone Pine"]
[Site "Lone Pine"]
[Date "1977.??.??"]
[Round "4"]
[White "Tisdall, Jonathan D"]
[Black "Cleghorn, Peter"]
[Result "1-0"]
[WhiteElo "2375"]
[BlackElo "2200"]
[PlyCount "55"]
[EventDate "1977.03.??"]
[Source "ChessBase"]

1. e4 e6 2. d4 d5 3. Nd2 Nf6 4. e5 Nfd7 5. Bd3 c5 6. c3 Nc6 7. Ne2 cxd4 8. cxd4 Nb6 9. Nf3 Bd7 10. O-O Be7 11. Nf4 g6 12. g3 a5 13. h4 Rc8 14. Ne2 Nb4 15. Bb1 Bb5 16. a3 Nc6 17. Bg5 Bxg5 18. hxg5 h6 19. gxh6 Rxh6 20. Bd3 Bxd3 21. Qxd3 Kf8 22. Kg2 Qe7 23. Rh1 Rxh1 24. Rxh1 Kg7 25. Qd2 Rh8 26. Rxh8 Kxh8 27. Qh6+ Kg8 28. Ng5 1-0

[Event "5th Pablo Gorbea Mem Open, Madrid ESP"]
[Site "?"]
[Date "2001.??.??"]
[Round "1"]
[White "Adla, D."]
[Black "Baeza, D."]
[Result "1/2-1/2"]
[WhiteElo "2495"]
[BlackElo "2075"]
[PlyCount "82"]
[EventDate "2001.??.??"]
[Source "www.chesslib.no"]
[SourceDate "2004.05.04"]

1. e4 e6 2. d4 d5 3. Nd2 Nf6 4. e5 Nfd7 5. Bd3 c5 6. c3 Nc6 7. Ne2 cxd4 8. cxd4 Nb6 9. O-O Bd7 10. Re1 a5 11. a4 Bb4 12. Nc3 Qe7 13. Qg4 O-O-O 14. Nf3 Rdg8 15. Bf4 h6 16. h4 Kb8 17. Rec1 g6 18. Nd1 Rc8 19. Ne3 Ka8 20. Qg3 Qd8 21. Ng4 Bf8 22. Bd2 Nb4 23. Bb5 Rxc1+ 24. Rxc1 Bxb5 25. axb5 Qd7 26. Bxb4 Bxb4 27. Qf4 h5 28. Ne3 Rf8 29. Ng5 Kb8 30. Qf6 Bd2 31. Rc2 Bxe3 32. fxe3 Nc4 33. Rf2 Nxe3 34. Nxe6 Rc8 35. Nc5 Qg4 36. Qb6 Rxc5 37. dxc5 Qd1+ 38. Kh2 Ng4+ 39. Kg3 Nxf2 40. Qd6+ Ka7 41. Qb6+ Kb8 1/2-1/2

[Event "Moscow RUS"]
[Site "?"]
[Date "1997.??.??"]
[Round "4"]
[White "Potkin Vladimir"]
[Black "Birjukov Sergey"]
[Result "1-0"]
[WhiteElo "2310"]
[BlackElo "2260"]
[PlyCount "73"]
[EventDate "1997.??.??"]
[Source "www.chesslib.no"]
[SourceDate "2004.05.04"]

1. e4 e6 2. d4 d5 3. Nd2 Nf6 4. e5 Nfd7 5. Bd3 c5 6. c3 Nc6 7. Ne2 cxd4 8. cxd4 Nb6 9. O-O Bd7 10. Nf3 Be7 11. a3 a5 12. Ng3 g6 13. Bh6 a4 14. Qc1 Na5 15. Qf4 Nb3 16. Ng5 Bxg5 17. Bxg5 f6 18. Bxf6 O-O 19. Bxd8 Rxf4 20. Bxb6 Nxa1 21. Rxa1 Rc8 22. Ne2 Rf7 23. Rc1 Rxc1+ 24. Nxc1 Rf8 25. Kf1 Rc8 26. Na2 Rc6 27. Bc5 b6 28. Nb4 bxc5 29. Nxc6 c4 30. Nb8 Bb5 31. Bc2 c3+ 32. Ke1 cxb2 33. Kd2 Kf7 34. Kc3 Ke7 35. Kxb2 Kd8 36. Kc3 Kc7 37. Bd3 1-0

[Event "Bratislava Slovan op"]
[Site "?"]
[Date "1997.??.??"]
[Round "3"]
[White "Pokorna Regina"]
[Black "Lipka Juraj"]
[Result "1/2-1/2"]
[WhiteElo "2195"]
[BlackElo "2370"]
[PlyCount "80"]
[EventDate "1997.??.??"]
[Source "www.chesslib.no"]
[SourceDate "2004.05.04"]

1. e4 e6 2. d4 d5 3. Nd2 Nf6 4. e5 Nfd7 5. Bd3 c5 6. c3 Nc6 7. Ne2 cxd4 8. cxd4 Nb6 9. O-O Be7 10. Nf3 Bd7 11. Nc3 a6 12. a3 Rc8 13. Bd2 Na5 14. b3 Na8 15. Na2 Nc6 16. Nc1 Qb6 17. Be3 Nc7 18. Qe2 Nb5 19. Bxb5 Qxb5 20. Qxb5 axb5 21. b4 O-O 22. Nb3 b6 23. Nfd2 f5 24. f4 Ra8 25. Nf3 Ra7 26. Bc1 Rc8 27. Bb2 Rac7 28. Rac1 Be8 29. Kf2 Bh5 30. Nfd2 g5 31. g3 gxf4 32. gxf4 Bh4+ 33. Ke3 Ne7 34. Rxc7 Rxc7 35. Rc1 Rxc1 36. Nxc1 Ng6 37. Nf3 Be7 38. Nd3 h6 39. Bc3 Kf7 40. Be1 Ke8 1/2-1/2

[Event "EU-ch IBCA blind 3rd"]
[Site "?"]
[Date "2003.09.03"]
[Round "6"]
[White "Gunajew Rafal"]
[Black "Berlinsky Vladimir"]
[Result "1/2-1/2"]
[WhiteElo "2204"]
[BlackElo "2354"]
[PlyCount "102"]
[EventDate "2003.??.??"]
[Source "www.chesslib.no"]
[SourceDate "2004.05.04"]

1. e4 e6 2. d4 d5 3. Nd2 Nf6 4. e5 Nfd7 5. Bd3 c5 6. c3 Nc6 7. Ne2 cxd4 8. cxd4 Nb6 9. O-O a5 10. Nf3 Be7 11. Nf4 a4 12. Nh5 g6 13. Nf6+ Bxf6 14. exf6 Qxf6 15. Bg5 Qg7 16. Qc1 h6 17. Be3 f5 18. Bb5 Bd7 19. Qc5 Nc8 20. Bxc6 bxc6 21. Ne5 Ra6 22. Bd2 g5 23. Bb4 h5 24. Rfe1 Rh6 25. Re2 f4 26. Rae1 g4 27. f3 gxf3 28. Nxf3 Rg6 29. Rf2 Rf6 30. Re5 Qh7 31. Rg5 Kd8 32. Ba5+ Ke8 33. Re2 Rf5 34. Re5 Rxg5 35. Rxg5 Qb1+ 36. Be1 Kd8 37. Qf8+ Kc7 38. Qxf4+ Kb7 39. Rg7 Nb6 40. Qd6 Qxb2 41. Rxd7+ Nxd7 42. Qxd7+ Kb6 43. Qd8+ Kb5 44. Qd6 Kc4 45. a3 Kb3 46. Bb4 Rb6 47. h3 Ka2 48. Qxe6 Rxb4 49. axb4 Qc1+ 50. Kh2 Qf4+ 51. Kg1 Qc1+ 1/2-1/2

[Event "WYB18, Oropesa del Mar ESP"]
[Site "?"]
[Date "2001.??.??"]
[Round "6"]
[White "Popovic, Du"]
[Black "Tomic, Bo"]
[Result "1/2-1/2"]
[WhiteElo "2370"]
[BlackElo "2170"]
[PlyCount "74"]
[EventDate "2001.??.??"]
[Source "www.chesslib.no"]
[SourceDate "2004.05.04"]

1. e4 e6 2. d4 d5 3. Nd2 Nf6 4. e5 Nfd7 5. Bd3 c5 6. c3 Nc6 7. Ne2 cxd4 8. cxd4 Nb6 9. O-O Bd7 10. Nf3 a5 11. Nf4 g6 12. h4 Be7 13. g3 Nb4 14. Bb1 Bb5 15. Re1 a4 16. Ng5 Bxg5 17. hxg5 Qc7 18. Bd2 Nc6 19. Bc3 Qe7 20. Qc1 Rc8 21. Bd3 Bxd3 22. Nxd3 Qc7 23. Qf4 Nc4 24. Rac1 Qb6 25. Kg2 Rc7 26. Rh1 Re7 27. Qf6 Rf8 28. Rxh7 Qb5 29. Nf4 Rg8 30. Rch1 Nxb2 31. Rh8 Rxh8 32. Rxh8+ Kd7 33. Bxb2 Qxb2 34. Nxd5 Qxa2 35. Nxe7 Nxe7 36. Qxf7 Qd5+ 37. Kh2 Qxd4 1/2-1/2

[Event "Havana Open"]
[Site "Havana CUB"]
[Date "1993.??.??"]
[Round "?"]
[White "Estrada Nieto, Julian"]
[Black "Huerta, Ramon"]
[Result "1-0"]
[WhiteElo "2210"]
[BlackElo "2325"]
[PlyCount "79"]
[EventDate "1993.??.??"]
[Source "www.chesslib.no"]
[SourceDate "2004.05.04"]

1. e4 e6 2. d4 d5 3. Nd2 Nf6 4. e5 Nfd7 5. Bd3 c5 6. c3 Nc6 7. Ne2 cxd4 8. cxd4 Nb6 9. O-O Bd7 10. a3 a5 11. f4 g6 12. g4 Qh4 13. g5 h6 14. Nf3 Qh3 15. Rf2 hxg5 16. fxg5 a4 17. Nf4 Qh7 18. h4 Nxd4 19. Nxd4 Qxh4 20. Qf3 Qxg5+ 21. Ng2 Qxe5 22. Qxf7+ Kd8 23. Nf3 Qh5 24. Bg5+ Kc8 25. Rc1+ Kb8 26. Qf4+ Ka7 27. Ngh4 e5 28. Nxe5 Bd6 29. Bxg6 Bxe5 30. Qxe5 Qg4+ 31. Rg2 Qh3 32. Rc3 Qe6 33. Qxe6 Bxe6 34. Bf5 Bf7 35. Nf3 Rag8 36. Be3 Ka6 37. Bg5 Nc4 38. Be7 Re8 39. Bc5 d4 40. Nxd4 1-0

[Event "BL2-N 9394"]
[Site "GER"]
[Date "1994.??.??"]
[Round "?"]
[White "Schnabel, Ralf"]
[Black "Bornemann, Wolfram"]
[Result "1/2-1/2"]
[WhiteElo "2225"]
[BlackElo "2310"]
[PlyCount "56"]
[EventDate "1993.10.??"]
[Source "www.chesslib.no"]
[SourceDate "2004.05.04"]

1. e4 e6 2. d4 d5 3. Nd2 Nf6 4. e5 Nfd7 5. Bd3 c5 6. c3 Nc6 7. Ne2 cxd4 8. cxd4 Nb6 9. O-O Bd7 10. Nf3 Be7 11. Bd2 Nb4 12. Bxb4 Bxb4 13. a3 Be7 14. Rc1 a5 15. Qc2 g6 16. g3 Bc6 17. Nd2 a4 18. Qd1 h5 19. f4 Qd7 20. Nc3 Bd8 21. h3 Nc8 22. Nf3 Ne7 23. Qe2 Nf5 24. Qf2 Bc7 25. Rc2 Ne7 26. Rfc1 Bb6 27. Kg2 Qd8 28. Ne2 Nf5 1/2-1/2

[Event "Bad Bertrich (30.11.-08.12)"]
[Site "?"]
[Date "2001.12.02"]
[Round "3"]
[White "Kies Werner"]
[Black "Biebinger Gerhard"]
[Result "0-1"]
[WhiteElo "2148"]
[BlackElo "2383"]
[PlyCount "116"]
[EventDate "2001.??.??"]
[Source "www.chesslib.no"]
[SourceDate "2004.05.04"]

1. e4 e6 2. d4 d5 3. Nd2 Nf6 4. e5 Nfd7 5. Bd3 c5 6. c3 Nc6 7. Ne2 cxd4 8. cxd4 Nb6 9. O-O Bd7 10. f4 g6 11. Nb3 Nb4 12. Bb1 Na4 13. Nc3 b6 14. Rf3 h5 15. a3 Nxc3 16. Rxc3 Nc6 17. Be3 Ne7 18. Nd2 Nf5 19. Bxf5 gxf5 20. Rac1 Be7 21. Nf3 Kf8 22. Rc7 a5 23. Qb3 b5 24. Bd2 h4 25. Ne1 Kg7 26. Nd3 Kg6 27. Qc2 b4 28. axb4 a4 29. Rc3 Bb5 30. Nc5 Qb6 31. Ra3 Rh6 32. Bc3 Qc6 33. Rca1 h3 34. gxh3 Kh7 35. Be1 Rg8+ 36. Rg3 Rhg6 37. Rxg6 Rxg6+ 38. Bg3 f6 39. exf6 Bxf6 40. Qd1 Bg7 41. Rc1 Qb6 42. Kh1 Bc4 43. Qd2 Qb5 44. Kg2 Bf8 45. Re1 Bxc5 46. dxc5 d4 47. Qxd4 Qxb4 48. Kf2 Qb3 49. Rc1 Bd5 50. Qc3 Qb5 51. Rc2 Rg7 52. Ke3 Qf1 53. Rf2 Qh1 54. Ke2 Rb7 55. Kd2 Qb1 56. Qf6 Rxb2+ 57. Kc3 Qc1+ 58. Kd4 Rb4+ 0-1

[Event "Corr"]
[Site "?"]
[Date "2001.09.20"]
[Round "?"]
[White "Daroczy Sandor (HUN)"]
[Black "Schubert Werner"]
[Result "1/2-1/2"]
[WhiteElo "2214"]
[BlackElo "2317"]
[PlyCount "48"]
[EventDate "2001.??.??"]
[Source "www.chesslib.no"]
[SourceDate "2004.05.04"]

1. e4 e6 2. d4 d5 3. Nd2 Nf6 4. e5 Nfd7 5. Bd3 c5 6. c3 Nc6 7. Ne2 cxd4 8. cxd4 Nb6 9. O-O Bd7 10. a3 a5 11. b3 Be7 12. f4 g6 13. Nf3 h5 14. Kh1 Kf8 15. Bb2 Kg7 16. Qd2 h4 17. Rfc1 a4 18. b4 Na7 19. Nc3 h3 20. g3 Nc4 21. Qf2 Rc8 22. Bf1 Rh7 23. Bd3 Rh8 24. Bf1 Rh7 1/2-1/2

[Event "Moscow RUS"]
[Site "?"]
[Date "1997.??.??"]
[Round "2"]
[White "Evelev Vladimir M"]
[Black "Birjukov Sergey"]
[Result "1/2-1/2"]
[WhiteElo "2250"]
[BlackElo "2260"]
[PlyCount "117"]
[EventDate "1997.??.??"]
[Source "www.chesslib.no"]
[SourceDate "2004.05.04"]

1. e4 e6 2. d4 d5 3. Nd2 Nf6 4. e5 Nfd7 5. Bd3 c5 6. c3 Nc6 7. Ne2 cxd4 8. cxd4 Nb6 9. a3 a5 10. b3 Bd7 11. Bb2 Be7 12. O-O g6 13. f4 h5 14. Nf3 a4 15. b4 Kf8 16. Nc3 Kg7 17. Qe2 Na7 18. Rac1 Rc8 19. Nd2 Na8 20. Bc2 Nb6 21. Bd3 Na8 22. Bc2 Qe8 23. Bd3 Nc7 24. g3 Nab5 25. Nxa4 Nxd4 26. Bxd4 Bxa4 27. Bc5 Bxc5+ 28. Rxc5 b6 29. Rcc1 Bb5 30. Nf3 Bxd3 31. Qxd3 Qb5 32. Qe3 Na8 33. f5 exf5 34. Qg5 Qd3 35. Qf6+ Kh6 36. Rxc8 Rxc8 37. Qxf7 Qe3+ 38. Kg2 Qe4 39. Rf2 h4 40. Qf6 hxg3 41. hxg3 d4 42. Qg5+ Kg7 43. Qe7+ Kh6 44. Qd7 Rc3 45. e6 Re3 46. Qxd4 Qxd4 47. Nxd4 Nc7 48. Rxf5 Nxe6 49. Rf3 Re4 50. Nb5 Nd4 51. Nxd4 Rxd4 52. Rc3 Kg5 53. Kf3 Kf5 54. Re3 Rd1 55. g4+ Kf6 56. Rc3 g5 57. Re3 Rf1+ 58. Ke2 Ra1 59. Kf3 1/2-1/2

[Event "CZE-chT2 9899"]
[Site "?"]
[Date "1998.??.??"]
[Round "?"]
[White "Svatos Jan"]
[Black "Hadzala Daniel"]
[Result "0-1"]
[WhiteElo "2295"]
[BlackElo "2180"]
[PlyCount "80"]
[EventDate "1998.??.??"]
[Source "www.chesslib.no"]
[SourceDate "2004.05.04"]

1. e4 e6 2. d4 d5 3. Nd2 Nf6 4. e5 Nfd7 5. Bd3 c5 6. c3 Nc6 7. Ne2 cxd4 8. cxd4 Nb6 9. O-O Bd7 10. f4 g6 11. Nf3 h5 12. b3 Nb4 13. Bb1 Bb5 14. a3 Nc6 15. Rf2 Bxe2 16. Qxe2 Rc8 17. Bb2 Be7 18. Bc2 Qd7 19. Raf1 a5 20. a4 Bb4 21. Bd3 Rc7 22. g3 Nc8 23. h3 N8e7 24. g4 hxg4 25. hxg4 Kd8 26. Ng5 Qe8 27. f5 gxf5 28. gxf5 Rg8 29. Rg2 Nxf5 30. Bxf5 exf5 31. Rxf5 Kc8 32. Qf3 Rd7 33. Nxf7 Rxg2+ 34. Kxg2 Nd8 35. Nxd8 Rg7+ 36. Kf1 Qg6 37. Qf2 Qa6+ 38. Qe2 Rg1+ 39. Kxg1 Qxe2 40. Rf2 Qd1+ 0-1